Tìm hiểu văn hóa tâm linh Nam Bộ

Đã lưu trong:
Chi tiết về thư mục
Tác giả chính: Nguyễn Hữu Hiếu
Định dạng: Không biết
Được phát hành: 2010
Các nhãn: Thêm thẻ
Không có thẻ, Là người đầu tiên thẻ bản ghi này!
Thư viện lưu trữ: Mạng thư viện Đại học Đà Nẵng
LEADER 00724na a2200217 4500
001 000032863
003 8988
005 20151002110606.0
008 151002s2010 000
082 |a 398.9 
100 |a Nguyễn Hữu Hiếu 
245 |a Tìm hiểu văn hóa tâm linh Nam Bộ  |c Nguyễn Hữu Hiếu 
260 |c 2010 
OWN |a LNN 
AVA |a UDN50  |b LNN  |d 398.9  |e available  |t Error 5001 Not defined in file expand_doc_bib_avail.  |f 1  |g 0  |h N  |i 0  |k 1 
999 |a From the UDN01 
AVA |a UDN50  |b LNN  |d 398.9  |e available  |t Error 5001 Not defined in file expand_doc_bib_avail.  |f 1  |g 0  |h N  |i 0  |k 1 
TYP |a Printed language 
980 |a Mạng thư viện Đại học Đà Nẵng